000 00772nam a2200217Ii 4500
003 JO-AjNU
008 230605s9999||||xx |||||||||||||| ||und||
017 _a2018/7/3756
040 _aJO-AjNU
_bara
_erda
_cJO-AjNU
041 _aara
050 1 4 _aHC59.3.S833 2019
100 3 _aتأليف الصبيحات، ابراهيم بدر شهاب,
_eauthor
_958479
245 0 0 _aقضايا ادارية واقتصادية معاصرة
250 _aط1
264 3 1 _aعمان: دار المسيرة للنشر والتوزيع، 2019
300 _a672ص
_bيحتوي على مراجع من ص 651-668ص
336 _atext
_btxt
_2rdacontent
337 _aunmediated
_bn
_2rdamedia
338 _avolume
_bnc
_2rdacarrier
650 4 _aالادارة - الاقتصاد
_958480
999 _aA26263
_c29831
_d29831